000 01082cab a22001935a 4500
001 L144260
008 080707e2008 xxk f v 000 0 eng d
035 _a(Sirsi) u144260
041 0 _aeng
100 1 _aLewsley, Christopher
245 0 0 _aValuation tribunals and the Lands Tribunal
_bthe future
260 _c2008
490 0 _aRating and Valuation Reporter
_v2008, 138-140(3)
520 _aInformed by the forthcoming UK Government reforms to the Tribunals System, discusses the implications of these radical reforms for valuation tribunals and the Lands Tribunal. Identifies pointers for the direction of the reform process. Covers: the origins of the valuation and Lands Tribunal; the Franks Report; the Leggatt Report; legislation; the UK Government?s approach to transforming tribunals. Concludes that it would seem that valuation tribunals may be unified into a single Valuation Tribunal for England and will operate outside the new Tribunal System.
590 _aKA
651 4 _aUnited Kingdom
_y
690 _aPROPERTY-PROPERTY APPRAISAL AND VALUATION
942 _n0
999 _c80406
_d80406